000 01384cam a2200361 i 4500
001 40179
003 Mx-PuUPA
005 20241127111959.0
008 140415s2001 mx af fr 001 0 spa|d
040 _aMx-PuUPA
_bspa
_cMx-PuUPA
_dMx-PuUPA
_erda
041 0 _aspa
_anah
100 1 _aRojas Sánchez, Mario,
_eautor
_910764
245 1 0 _aGuadalupe símbolo y evangelización :
_bla Virgen de Guadalupe se lee en Náhuatl /
_cMario Rojas Sánchez ; editor, Othón Corona Sánchez
246 1 4 _aGuadalupe :
_bsímbolo y evangelización
250 _a1a. edición
264 3 _aMéxico, D.F. :
_bDiseño e Impresión Design & Digital Print,
_c2001
300 _a181 páginas :
_bilustraciones, láminas ;
_c28 cm
336 _2rdacontent
_atexto
_btxt
337 _2rdamedia
_asin medio
_bn
338 _2rdacarrier
_avolumen
_bnc
501 _aApéndices (42 páginas).
501 _aLáminas (62 páginas).
600 0 4 _aGuadalupe, Nuestra Señora de
600 0 4 _aVirgen de Guadalupe
_xArte
600 0 4 _aGuadalupe, Nuestra señora de
_xCuadro milagroso
_zMéxico
_xHistoria
_y1531
650 7 _2armarc
_aArte mexicano
651 4 _aMéxico
_xVida religiosa y costumbres
700 1 _aCorona Sánchez, Othón,
_eeditor
942 _2ddc
_cLI
_h232.917
_iR7413
999 _c40179
_d40179